000 00310nam a22001217a 4500
040 _csy
082 _a339
100 _aហេង ចំរើន
245 _aមីក្រូសេដ្ឋកិច្ចវិទ្យា
260 _aRUA
_bហេង ចំរើន
_c2003
300 _a96p;
942 _cKB
999 _c8499
_d8499